• 首页
  • 本馆介绍
  • 公告通知
  • 最新文献
  • 馆藏检索
  • 电子资源
  • 读者导购
  • 参考咨询
  • 我的图书馆
  • 登录
  • 详细信息显示
  • 放入我的书架
  • 预约/预借图书
  • 作者相关作品
  • 分类相关作品
  • 丛书相关作品
  • 出版社相关作品

书目信息

  • 表格格式
  • 工作单格式
  • 卡片格式
题名:
新手学电脑炒股完全学习宝典
    
 
作者: ;齐齐哈尔博智书苑 主编
分册:  
出版信息: 上海   上海科学普及出版社  2012
页数: 303页
开本: 26cm
丛书名:
单 册:
中图分类: F830.91-39
科图分类:
主题词: 计算机应用--股票交易--基本知识
电子资源:
ISBN: 978-7-5427-5164-5
000 00929nam0 2200241 450
001 1036
005 20161008080210.45
010    @a978-7-5427-5164-5@dCNY39.80
100    @a20120518d2012 em y0chiy50 ea
101 0  @achi
102    @aCN@b310000
105    @aa z 000yy
200 1  @a新手学电脑炒股完全学习宝典@9xin shou xue dian nao chao gu wan quan xue xi bao dian@f博智书苑主编
210    @a上海@c上海科学普及出版社@d2012
215    @a303页@c图@d26cm@e1光盘
300    @a电脑新课堂附光盘
307    @a附光盘:ISBN 978-7-900518-49-1
330    @a本书在介绍基本炒股理论的基础上,以实用为基准,详细介绍了如何使用电脑完成选股、股票技术分析、股票信息收集、模拟电脑炒股、实战电脑炒股及手机炒股等具体操作。
606 0  @a计算机应用@x股票交易@x基本知识
690    @aF830.91-39@v5
711 02 @a齐齐哈尔博智书苑@9qi qi ha er bo zhi shu yuan@4主编
801  0 @aCN@b唐山师范学院图书馆@c20160830
905    @aZUCC@dF830.91-39@e317
    
    新手学电脑炒股完全学习宝典/博智书苑主编.-上海:上海科学普及出版社,2012
    303页:图;26cm+1光盘
    电脑新课堂附光盘
    
    ISBN 978-7-5427-5164-5:CNY39.80
    本书在介绍基本炒股理论的基础上,以实用为基准,详细介绍了如何使用电脑完成选股、股票技术分析、股票信息收集、模拟电脑炒股、实战电脑炒股及手机炒股等具体操作。
●
相关链接 在E读中查询图书 在五车中查询图书 在当当中查询图书 在豆瓣中查询图书


正题名:新手学电脑炒股完全学习宝典     索取号:F830.91-39/317         预约/预借

序号 登录号 条形码 馆藏地/架位号 状态 备注
1 906600   209066008   第一样本阅览室/ [索取号:F830.91-39/317] 在馆    
2 906601   209066017   第一借阅区/ [索取号:F830.91-39/317] 在馆    
3 906602   209066026   第一借阅区/ [索取号:F830.91-39/317] 在馆    
4 906603   209066035   第一借阅区/ [索取号:F830.91-39/317] 在馆    
5 906604   209066044   第一借阅区/ [索取号:F830.91-39/317] 在馆    
唐山师范学院图书馆 欢迎您!
大连网信软件有限公司© 版权所有